000
00291nam a22001337a 4500
008
181022b xxu||||| |||| 00| 0 eng d
020
_a
721623670
041
_a
eng
080
_a
617
100
_a
6
101
_a
ANE
245
_a
Anesthesia and Uncommon Diseases
_c
Katz
942
_2
udc
_c
BK
999
_c
50470
_d
50470